000
002630000a22000970004500
100
1
_a
Wiggins, Steve A.
245
1
0
_a
A rejoinder to J. Glen Taylor
300
_a
Núm 73 (1997), Páginas 109-112
773
0
_t
Journal for the Study of the Old Testament
942
_c
ANA
999
_c
54866
_d
54866